LEADER 01060nam 2200373 450 001 990000857460203316 010 $a0-19-825751-1 035 $a0085746 035 $aUSA010085746 035 $a(ALEPH)000085746USA01 035 $a0085746 100 $a20020109d1992----km-y0itay0103----ba 101 $aeng 102 $aGB 105 $a||||||||001yy 200 1 $aTarnished vision$ecrime and conflict in the Inner city$fDavid Robins 210 $aOxford$cOxford University press$d1992 215 $aX, 142 p$d23 cm 410 $12001 606 0 $aLondra$xCondizioni economiche e sociali 606 $aDelinquenza$yLondra 606 0 $aServizi sociali$yLondra 676 $a307.3362 700 1$aROBINS,$bDavid$0551205 801 0$aIT$bsalbc$gISBD 912 $a990000857460203316 951 $aISP V 411$b76357 EC$cISP V 959 $aBK 969 $aECO 979 $aPATTY$b90$c20020109$lUSA01$h1229 979 $c20020403$lUSA01$h1731 979 $aPATRY$b90$c20040406$lUSA01$h1659 996 $aTarnished vision$9968891 997 $aUNISA